[Event "HUN-chT2 Erkel 0506"]
[Site "Hungary"]
[Date "2005.12.04"]
[Round "5"]
[White "Horvath, Kalman"]
[Black "Sull, Gyula"]
[Result "1-0"]
[WhiteElo "2190"]
[BlackElo "2078"]
[PlyCount "51"]
[EventDate "2005.10.16"]
[EventType "team"]
[EventRounds "11"]
[EventCountry "HUN"]
[SourceTitle "EXT 2009"]
[Source "ChessBase"]
[SourceDate "2008.11.26"]
[SourceVersion "1"]
[SourceVersionDate "2008.11.26"]
[SourceQuality "1"]
[WhiteTeam "Vaci"]
[BlackTeam "Paszto"]
[WhiteTeamCountry "HUN"]
[BlackTeamCountry "HUN"]

1. d4 Nf6 2. Nf3 e6 3. a3 b6 4. c4 d5 5. cxd5 exd5 6. Bg5 Be7 7. Nc3 0-0 8. e3 Bg4 9. Qb3 Bxf3 10. gxf3 c6 11. Bd3 Nfd7 12. Bxe7 Qxe7 13. 0-0-0 b5 14. h4 a5 15. Rdg1 b4 16. Ne2 bxa3 17. Qxa3 Qxa3 18. bxa3 c5 19. Rg5 cxd4 20. Nxd4 Rc8+ 21. Kd2 Nb6 22. Nf5 Ra7 23. Rxg7+ Kh8 24. Rhg1 Nc4+ 25. Bxc4 dxc4 26. Nh6 1-0

[Event "HUN-chT2 Erkel 0506"]
[Site "Hungary"]
[Date "2005.11.27"]
[Round "4"]
[White "Sull, Gyula"]
[Black "Lengyel, Laszlo"]
[Result "0-1"]
[WhiteElo "2078"]
[BlackElo "2227"]
[PlyCount "90"]
[EventDate "2005.10.16"]
[EventType "team"]
[EventRounds "11"]
[EventCountry "HUN"]
[SourceTitle "EXT 2009"]
[Source "ChessBase"]
[SourceDate "2008.11.26"]
[SourceVersion "1"]
[SourceVersionDate "2008.11.26"]
[SourceQuality "1"]
[WhiteTeam "Paszto"]
[BlackTeam "Vasarteri"]
[WhiteTeamCountry "HUN"]
[BlackTeamCountry "HUN"]

1. d4 e6 2. c4 c5 3. d5 exd5 4. cxd5 d6 5. Nc3 a6 6. a4 g6 7. Nf3 Bg7 8. Bg5 Qc7 9. e4 Bg4 10. Be2 h6 11. Bf4 Bxf3 12. Bxf3 Nd7 13. Be2 Ne7 14. Qd2 g5 15. Bg3 Ng6 16. 0-0 Nde5 17. a5 Qe7 18. Qc2 0-0 19. Na4 Rae8 20. Bh5 Nf4 21. Bxf4 gxf4 22. Qe2 Qg5 23. Ra3 Re7 24. Rh3 Nd7 25. Bf3 Rfe8 26. Rh5 Qf6 27. Rd1 Re5 28. Nc3 Rg5 29. Bg4 Ne5 30. Rxg5 Qxg5 31. Bf3 Ng6 32. Re1 Nh4 33. g3 Be5 34. Bg4 Ng6 35. Bd7 Re7 36. Qg4 fxg3 37. hxg3 Qd2 38. Re2 Qc1+ 39. Kg2 Bxc3 40. bxc3 Qxc3 41. Bf5 Qg7 42. Bc8 Rc7 43. Bxb7 h5 44. Qg5 f6 45. Qd2 Rxb7 0-1

[Event "HUN-chT2 Erkel 0304"]
[Site "Hungary"]
[Date "2004.01.25"]
[Round "6"]
[White "Sull, Gyula"]
[Black "Kovacs, Jozsef"]
[Result "1/2-1/2"]
[WhiteElo "2106"]
[BlackElo "2144"]
[PlyCount "84"]
[EventDate "2003.09.28"]
[EventType "team"]
[EventRounds "11"]
[EventCountry "HUN"]
[SourceTitle "EXT 2009"]
[Source "ChessBase"]
[SourceDate "2008.11.26"]
[SourceVersion "1"]
[SourceVersionDate "2008.11.26"]
[SourceQuality "1"]
[WhiteTeam "Hatvan"]
[BlackTeam "Garancia"]
[WhiteTeamCountry "HUN"]
[BlackTeamCountry "HUN"]

1. d4 d5 2. c4 c6 3. Nf3 Nf6 4. Nc3 e6 5. Bg5 dxc4 6. e4 b5 7. e5 h6 8. Bh4 g5 9. Nxg5 hxg5 10. Bxg5 Nbd7 11. exf6 Qa5 12. Bd2 b4 13. Ne4 Rh4 14. f3 c3 15. Bc1 cxb2 16. Bxb2 b3+ 17. Kf2 bxa2 18. Bc3 Qh5 19. h3 Rb8 20. g3 Rxe4 21. fxe4 Qg6 22. e5 Rb1 23. Bd3 Rxd1 24. Bxg6 Rxh1 25. Bxf7+ Kxf7 26. Rxh1 Ba6 27. g4 c5 28. Ke3 Bh6+ 29. Kf2 Nxf6 30. dxc5 Nd5 31. Bd4 Bd3 32. h4 Bf4 33. Rh3 Nb4 34. c6 Nxc6 35. Rxd3 Nxd4 36. Ra3 Bxe5 37. Rxa7+ Kf6 38. Rxa2 Kg6 39. Ra5 Bf6 40. Kg3 Ne2+ 41. Kf3 Nd4+ 42. Kg3 Ne2+ 1/2-1/2

[Event "HUN-chT2 Erkel 0203"]
[Site "Hungary"]
[Date "2003.03.23"]
[Round "9"]
[White "Sull, Gyula"]
[Black "Toth, Mate Jozsef"]
[Result "1/2-1/2"]
[WhiteElo "2112"]
[BlackElo "2131"]
[PlyCount "22"]
[EventDate "2002.09.22"]
[EventType "team"]
[EventRounds "11"]
[EventCountry "HUN"]
[SourceTitle "EXT 2009"]
[Source "ChessBase"]
[SourceDate "2008.11.26"]
[SourceVersion "1"]
[SourceVersionDate "2008.11.26"]
[SourceQuality "1"]

1. d4 d6 2. c4 e5 3. dxe5 dxe5 4. Qxd8+ Kxd8 5. Nc3 Be6 6. e4 Nd7 7. Be3 Bb4 8. Rc1 Ngf6 9. f3 c6 10. a3 Bxc3+ 11. Rxc3 Kc7 1/2-1/2

[Event "HUN-chT2 Erkel 0203"]
[Site "Hungary"]
[Date "2003.02.16"]
[Round "7"]
[White "Sull, Gyula"]
[Black "Horvath, Jeno Kalman"]
[Result "1/2-1/2"]
[WhiteElo "2112"]
[BlackElo "2114"]
[PlyCount "25"]
[EventDate "2002.09.22"]
[EventType "team"]
[EventRounds "11"]
[EventCountry "HUN"]
[SourceTitle "EXT 2009"]
[Source "ChessBase"]
[SourceDate "2008.11.26"]
[SourceVersion "1"]
[SourceVersionDate "2008.11.26"]
[SourceQuality "1"]

1. d4 Nf6 2. c4 c5 3. d5 d6 4. Nc3 g6 5. Nf3 Bg7 6. e4 0-0 7. Be2 e6 8. 0-0 exd5 9. cxd5 a6 10. a4 Bg4 11. h3 Bxf3 12. Bxf3 Nbd7 13. a5 1/2-1/2

[Event "HUN-chT2 Erkel 0203"]
[Site "Hungary"]
[Date "2003.02.02"]
[Round "6"]
[White "Nemeth, Jozsef"]
[Black "Sull, Gyula"]
[Result "1/2-1/2"]
[WhiteElo "2187"]
[BlackElo "2112"]
[PlyCount "108"]
[EventDate "2002.09.22"]
[EventType "team"]
[EventRounds "11"]
[EventCountry "HUN"]
[SourceTitle "EXT 2009"]
[Source "ChessBase"]
[SourceDate "2008.11.26"]
[SourceVersion "1"]
[SourceVersionDate "2008.11.26"]
[SourceQuality "1"]

1. e4 Nf6 2. e5 Nd5 3. d4 d6 4. f4 Nb6 5. Nf3 Nc6 6. c3 g6 7. a4 dxe5 8. fxe5 Bf5 9. a5 Nd5 10. Bc4 a6 11. Qb3 e6 12. Qxb7 Nde7 13. Nbd2 Bh6 14. 0-0 0-0 15. Qb3 Bg4 16. Ne4 Bxc1 17. Rfxc1 Bxf3 18. Nf6+ Kg7 19. gxf3 Ng8 20. Nxg8 Kxg8 21. Qc2 Ne7 22. Bd3 c5 23. Be4 Rc8 24. dxc5 Rxc5 25. f4 Rxa5 26. b4 Rxa1 27. Rxa1 Qb6+ 28. Qf2 Qc7 29. Qe3 Rc8 30. Ra3 Nd5 31. Bxd5 exd5 32. Kf2 Qc4 33. Ke1 Qb5 34. Ra5 Qc4 35. Ra3 Rd8 36. Qd4 Qxd4 37. cxd4 Rb8 38. Ra5 Rb5 39. Ra4 Kf8 40. Kd2 Ke7 41. Kc3 Rb6 42. Ra5 Ke6 43. Rc5 h6 44. Kb3 g5 45. fxg5 hxg5 46. Ka4 g4 47. Ka5 Rb8 48. Ka4 Rh8 49. Rc2 Rh3 50. Rf2 Rf3 51. Rd2 Rf1 52. Ka5 Ra1+ 53. Kb6 Rb1 54. Ka5 Ra1+ 1/2-1/2

[Event "HUN-chT3 0102"]
[Site "Hungary"]
[Date "2002.01.27"]
[Round "6.2"]
[White "Kozma, Edit"]
[Black "Sull, Gyula"]
[Result "1-0"]
[WhiteElo "2112"]
[BlackElo "2112"]
[PlyCount "38"]
[EventDate "2001.09.30"]
[EventType "team"]
[EventRounds "11"]
[EventCountry "HUN"]
[SourceTitle "EXT 2004"]
[Source "ChessBase"]
[SourceDate "2003.11.25"]
[SourceVersion "1"]
[SourceVersionDate "2003.11.25"]
[SourceQuality "1"]

1. e4 Nf6 2. e5 Nd5 3. d4 d6 4. Nf3 g6 5. Bc4 c6 6. 0-0 Bg7 7. Nbd2 b5 8. Bb3 a5 9. a4 Ba6 10. axb5 Bb7 11. bxc6 Bxc6 12. exd6 Qxd6 13. Nc4 Qc7 14. Nce5 0-0 15. Nxc6 Qxc6 16. Re1 e6 17. Ne5 Qb7 18. Qf3 Qb4 19. Rd1 f6 1-0

[Event "HUN-chT3 0102"]
[Site "Hungary"]
[Date "2001.11.18"]
[Round "3.2"]
[White "Schlusnik, Nandor"]
[Black "Sull, Gyula"]
[Result "1-0"]
[WhiteElo "2285"]
[BlackElo "2112"]
[PlyCount "43"]
[EventDate "2001.09.30"]
[EventType "team"]
[EventRounds "11"]
[EventCountry "HUN"]
[SourceTitle "EXT 2004"]
[Source "ChessBase"]
[SourceDate "2003.11.25"]
[SourceVersion "1"]
[SourceVersionDate "2003.11.25"]
[SourceQuality "1"]

1. e4 Nf6 2. Nc3 d5 3. e5 Ne4 4. Nce2 d4 5. Nf3 Nc6 6. c3 dxc3 7. bxc3 Bg4 8. d4 f6 9. d5 fxe5 10. Be3 Bxf3 11. gxf3 Nf6 12. dxc6 Qxd1+ 13. Rxd1 bxc6 14. Bh3 Kf7 15. Rb1 e6 16. Rb7 Bd6 17. 0-0 Nd5 18. c4 Nxe3 19. fxe3 g5 20. Nc3 Kg6 21. Ne4 h5 22. c5 1-0

[Event "HUN-chT3 0001"]
[Site "Hungary"]
[Date "2001.04.08"]
[Round "10.1"]
[White "Tornai, Imre"]
[Black "Sull, Gyula"]
[Result "1-0"]
[WhiteElo "2227"]
[BlackElo "2122"]
[PlyCount "58"]
[EventDate "2000.10.29"]
[EventType "team"]
[EventRounds "11"]
[EventCountry "HUN"]
[SourceTitle "EXT 2007"]
[Source "ChessBase"]
[SourceDate "2006.11.23"]
[SourceVersion "1"]
[SourceVersionDate "2006.11.23"]
[SourceQuality "1"]

1. e4 Nf6 2. e5 Nd5 3. d4 d6 4. Nf3 Nb6 5. Be2 Nc6 6. exd6 exd6 7. c4 Bg4 8. d5 Bxf3 9. Bxf3 Ne5 10. Be2 Qd7 11. Nc3 g6 12. f4 Nexc4 13. Bxc4 Nxc4 14. Qd4 Ne5 15. fxe5 Bg7 16. Bf4 0-0 17. Qe3 Qf5 18. 0-0 dxe5 19. Bg3 Qh5 20. Qc5 Qg5 21. Rae1 Rfc8 22. Qb4 h5 23. Bh4 Qg4 24. Qe7 f5 25. Bf6 Bxf6 26. Qxf6 Re8 27. h3 Qd4+ 28. Kh1 Kh7 29. Nb5 Qc5 1-0

[Event "HUN-chT3 0001"]
[Site "Hungary"]
[Date "2001.03.25"]
[Round "9.1"]
[White "Sull, Gyula"]
[Black "Sinka, Istvan"]
[Result "0-1"]
[WhiteElo "2122"]
[BlackElo "2332"]
[PlyCount "102"]
[EventDate "2000.10.29"]
[EventType "team"]
[EventRounds "11"]
[EventCountry "HUN"]
[SourceTitle "EXT 2007"]
[Source "ChessBase"]
[SourceDate "2006.11.23"]
[SourceVersion "1"]
[SourceVersionDate "2006.11.23"]
[SourceQuality "1"]

1. d4 Nf6 2. c4 g6 3. Nc3 Bg7 4. e4 d6 5. Be2 0-0 6. Bg5 Na6 7. h3 c6 8. Nf3 e5 9. d5 cxd5 10. cxd5 h6 11. Be3 Nc5 12. Qc2 a5 13. 0-0 Nh5 14. Qd2 Kh7 15. g4 Nf6 16. Qc2 Ne8 17. Nb5 b6 18. a3 a4 19. Kg2 Kh8 20. Rad1 f5 21. Bxc5 bxc5 22. Nd2 fxg4 23. hxg4 Qg5 24. f3 h5 25. Nc4 hxg4 26. fxg4 Bxg4 27. Rxf8+ Bxf8 28. Qd2 Qxd2 29. Rxd2 Bxe2 30. Rxe2 Kg7 31. Nc3 Ra6 32. Nb5 Be7 33. Kg3 Kf7 34. Rh2 Kg7 35. Kf3 Bg5 36. Rg2 Bf4 37. Rg1 g5 38. Rh1 Nf6 39. Nbxd6 g4+ 40. Kg2 Ra8 41. Nf5+ Kg6 42. Nfd6 Rb8 43. Rh4 Rb3 44. Rh8 Rg3+ 45. Kf2 Rh3 46. Ra8 Rh2+ 47. Kg1 g3 48. Rxa4 Rc2 49. Ra6 Ng4 50. Nf5+ Kg5 51. Ncd6 g2 0-1

[Event "HUN-chT3 0001"]
[Site "Hungary"]
[Date "2001.03.04"]
[Round "8.1"]
[White "Bandy, Attila"]
[Black "Sull, Gyula"]
[Result "1-0"]
[WhiteElo "2179"]
[BlackElo "2122"]
[PlyCount "41"]
[EventDate "2000.10.29"]
[EventType "team"]
[EventRounds "11"]
[EventCountry "HUN"]
[SourceTitle "EXT 2007"]
[Source "ChessBase"]
[SourceDate "2006.11.23"]
[SourceVersion "1"]
[SourceVersionDate "2006.11.23"]
[SourceQuality "1"]

1. d4 Nf6 2. Nf3 b6 3. Bf4 Bb7 4. e3 d6 5. h3 Nbd7 6. Be2 e6 7. 0-0 Be7 8. Nbd2 0-0 9. Bh2 Ne4 10. Nxe4 Bxe4 11. Bd3 f5 12. Bxe4 fxe4 13. Nd2 Nf6 14. f3 Nd5 15. Qe2 exf3 16. Rxf3 Bg5 17. Raf1 Qe7 18. e4 Nb4 19. c3 Nc6 20. Bf4 e5 21. Bxg5 1-0

[Event "HUN-chT3 0001"]
[Site "Hungary"]
[Date "2000.11.26"]
[Round "3.1"]
[White "Istvanovszky, Kalman"]
[Black "Sull, Gyula"]
[Result "1-0"]
[WhiteElo "2249"]
[BlackElo "2122"]
[PlyCount "59"]
[EventDate "2000.10.29"]
[EventType "team"]
[EventRounds "11"]
[EventCountry "HUN"]
[SourceTitle "EXT 2007"]
[Source "ChessBase"]
[SourceDate "2006.11.23"]
[SourceVersion "1"]
[SourceVersionDate "2006.11.23"]
[SourceQuality "1"]

1. e4 Nf6 2. Nc3 d5 3. e5 Ne4 4. Nce2 d4 5. d3 Nc5 6. f4 a5 7. Nf3 Nc6 8. h3 a4 9. Bd2 g6 10. b4 axb3 11. axb3 Rxa1 12. Qxa1 Ne6 13. g3 Bg7 14. Bg2 0-0 15. g4 f6 16. f5 Ng5 17. e6 Nxf3+ 18. Bxf3 Qd6 19. Qa4 Rd8 20. Be4 Ne5 21. b4 c6 22. Qa5 Re8 23. Bc1 Qd8 24. Qa7 Qd6 25. Qxd4 Qc7 26. Be3 h5 27. Rg1 Kh7 28. gxh5 gxf5 29. Bxf5+ Kh8 30. Qf4 1-0

[Event "HUN-chT3 9900"]
[Site "Hungary"]
[Date "2000.03.26"]
[Round "10"]
[White "Sull, Gyula"]
[Black "Hajnal, Zoltan"]
[Result "0-1"]
[WhiteElo "2122"]
[BlackElo "2302"]
[PlyCount "88"]
[EventDate "1999.09.26"]
[EventType "team"]
[EventRounds "11"]
[EventCountry "HUN"]
[SourceTitle "EXT 2002"]
[Source "ChessBase"]
[SourceDate "2001.11.25"]
[SourceVersion "1"]
[SourceVersionDate "2001.11.25"]
[SourceQuality "1"]

1. d4 d5 2. c4 c6 3. Nc3 Nf6 4. Nf3 dxc4 5. a4 Bf5 6. e3 e6 7. Bxc4 Bb4 8. 0-0 Nbd7 9. Qb3 Qb6 10. a5 Bxa5 11. Qa2 Bb4 12. Bd2 0-0 13. Nh4 Bg6 14. Nxg6 hxg6 15. Rfb1 Qc7 16. Qb3 Bd6 17. g3 a6 18. Rc1 c5 19. Bf1 Qb6 20. Qxb6 Nxb6 21. dxc5 Bxc5 22. Bg2 Rab8 23. Na4 Nxa4 24. Rxa4 Bd6 25. e4 e5 26. Rac4 Rfd8 27. Be3 Nd7 28. Bh3 a5 29. Rd1 Nf6 30. Bb6 Bc7 31. Rxd8+ Bxd8 32. Be3 b5 33. Rc5 a4 34. Bf1 b4 35. Rc4 Be7 36. Bd2 a3 37. bxa3 b3 38. Bb4 b2 39. Bd3 Rd8 40. Bc2 Rd1+ 41. Kg2 Rc1 42. Bxe7 Rxc2 43. Rb4 Nxe4 44. a4 Nc3 0-1

[Event "HUN-chT3 9900"]
[Site "Hungary"]
[Date "2000.03.05"]
[Round "9"]
[White "Szilagyi, Zsolt"]
[Black "Sull, Gyula"]
[Result "1-0"]
[WhiteElo "2189"]
[BlackElo "2122"]
[PlyCount "78"]
[EventDate "1999.09.26"]
[EventType "team"]
[EventRounds "11"]
[EventCountry "HUN"]
[SourceTitle "EXT 2002"]
[Source "ChessBase"]
[SourceDate "2001.11.25"]
[SourceVersion "1"]
[SourceVersionDate "2001.11.25"]
[SourceQuality "1"]

1. e4 c5 2. Nf3 d6 3. d4 cxd4 4. Nxd4 Nf6 5. Nc3 a6 6. f3 e5 7. Nb3 Be6 8. Be3 d5 9. exd5 Nxd5 10. Nxd5 Bxd5 11. Qd2 Nc6 12. 0-0-0 Bxb3 13. Qxd8+ Rxd8 14. Rxd8+ Kxd8 15. Bb6+ Kc8 16. axb3 Bd6 17. Bc4 Rf8 18. Rd1 Be7 19. c3 Bd8 20. Be3 b5 21. Bd5 Kc7 22. f4 Bf6 23. f5 h6 24. Kc2 Bg5 25. Bf2 g6 26. h4 Bd8 27. Ra1 a5 28. b4 Kd7 29. bxa5 Kd6 30. Bxc6 Kxc6 31. a6 Bc7 32. a7 Kb7 33. Bc5 Re8 34. fxg6 fxg6 35. Rf1 e4 36. Rf7 Kc6 37. Be3 Bg3 38. Re7 Ra8 39. Rxe4 Bxh4 1-0

[Event "HUN-chT3 9900"]
[Site "Hungary"]
[Date "1999.09.26"]
[Round "1"]
[White "Mohacsi, Imre"]
[Black "Sull, Gyula"]
[Result "1/2-1/2"]
[WhiteElo "2156"]
[BlackElo "2122"]
[PlyCount "36"]
[EventDate "1999.09.26"]
[EventType "team"]
[EventRounds "11"]
[EventCountry "HUN"]
[SourceTitle "EXT 2002"]
[Source "ChessBase"]
[SourceDate "2001.11.25"]
[SourceVersion "1"]
[SourceVersionDate "2001.11.25"]
[SourceQuality "1"]

1. e4 Nf6 2. e5 Nd5 3. d4 d6 4. c4 Nb6 5. exd6 cxd6 6. Nf3 g6 7. a4 Bg4 8. a5 N6d7 9. Be2 Nc6 10. a6 Qb6 11. axb7 Qxb7 12. 0-0 Bg7 13. Nc3 0-0 14. h3 Bxf3 15. Bxf3 Rac8 16. Nd5 Nb6 17. Ne3 Qb8 18. Bxc6 Rxc6 1/2-1/2

[Event "Godal Memorial"]
[Site "Hungary"]
[Date "1999.??.??"]
[Round "9"]
[White "Sull, Gyula"]
[Black "Kladiva, Imre"]
[Result "1-0"]
[WhiteElo "2120"]
[BlackElo "2130"]
[PlyCount "65"]
[EventDate "1999.??.??"]
[EventType "swiss"]
[EventRounds "9"]
[EventCountry "HUN"]
[SourceTitle "EXT 2000"]
[Source "ChessBase"]
[SourceDate "1999.11.16"]
[SourceVersion "1"]
[SourceVersionDate "1999.11.16"]
[SourceQuality "1"]

1. d4 Nf6 2. c4 e6 3. Nc3 d5 4. Bg5 Nbd7 5. e3 c6 6. Nf3 Qa5 7. Bxf6 Nxf6 8. Nd2 Bb4 9. Qc2 0-0 10. Bd3 dxc4 11. Nxc4 Qh5 12. 0-0 b6 13. Ne5 Bb7 14. Be2 Qh6 15. Bf3 Rfc8 16. Rac1 Bd6 17. Rfd1 Rc7 18. h3 Rac8 19. Qa4 Ba8 20. b4 Qg5 21. Nd3 Qh4 22. Rc2 g5 23. Ne5 h5 24. g3 Qxh3 25. Bg2 Qf5 26. e4 Qh7 27. Nxf7 Rxf7 28. e5 h4 29. exd6 hxg3 30. fxg3 Qh5 31. Qa6 Rcf8 32. Qe2 g4 33. Qxe6 1-0

[Event "Godal Memorial"]
[Site "Hungary"]
[Date "1999.??.??"]
[Round "5"]
[White "Sull, Gyula"]
[Black "Nyiri, Daniel"]
[Result "0-1"]
[WhiteElo "2120"]
[BlackElo "2035"]
[PlyCount "90"]
[EventDate "1999.??.??"]
[EventType "swiss"]
[EventRounds "9"]
[EventCountry "HUN"]
[SourceTitle "EXT 2000"]
[Source "ChessBase"]
[SourceDate "1999.11.16"]
[SourceVersion "1"]
[SourceVersionDate "1999.11.16"]
[SourceQuality "1"]

1. d4 Nf6 2. c4 g6 3. Nc3 Bg7 4. e4 d6 5. Be2 0-0 6. Bg5 Nbd7 7. Qd2 c5 8. d5 a6 9. Nf3 Ne8 10. g4 Ndf6 11. h3 Nc7 12. Bh6 e6 13. 0-0-0 exd5 14. exd5 b5 15. Bxg7 Kxg7 16. Qg5 b4 17. Nb1 Ne4 18. Qxd8 Rxd8 19. Rhf1 f5 20. Nfd2 Re8 21. Rde1 Bd7 22. Bf3 Ng5 23. gxf5 Bxf5 24. Bg4 Nxh3 25. Bxf5 gxf5 26. f3 Nf4 27. Rg1+ Kh8 28. Rxe8+ Rxe8 29. Rg5 Re5 30. Kd1 Ne8 31. Nf1 Nd3 32. Kc2 Ne1+ 33. Kb3 Nxf3 34. Rg3 Nd4+ 35. Ka4 f4 36. Rh3 Re1 37. Nbd2 Ra1 38. a3 bxa3 39. bxa3 Nf6 40. Ka5 f3 41. Kxa6 Rxa3+ 42. Kb6 Kg7 43. Kc7 Ne8+ 44. Kd7 Kf8 45. Rxh7 Ra7+ 0-1

[Event "Gyongyos Matra Cup"]
[Site "Gyongyos"]
[Date "1998.??.??"]
[Round "2"]
[White "Sull, Gyula"]
[Black "Dolanyi, Jozsef"]
[Result "1-0"]
[WhiteElo "2155"]
[BlackElo "2060"]
[PlyCount "73"]
[EventDate "1998.??.??"]
[EventType "swiss"]
[EventRounds "9"]
[EventCountry "HUN"]
[SourceTitle "EXT 2000"]
[Source "ChessBase"]
[SourceDate "1999.11.16"]
[SourceVersion "1"]
[SourceVersionDate "1999.11.16"]
[SourceQuality "1"]

1. d4 d5 2. c4 c6 3. Nc3 Nf6 4. Bg5 Ne4 5. Nxe4 dxe4 6. Qd2 Bf5 7. e3 Qd7 8. Ne2 e6 9. Nc3 Bg6 10. Be2 Bd6 11. a3 0-0 12. Bh4 f5 13. Bg3 Be7 14. 0-0 Bf7 15. f3 exf3 16. Bxf3 Qd8 17. e4 Bg5 18. Qd3 f4 19. Bf2 Nd7 20. Rad1 Qe7 21. e5 Rad8 22. Qe2 Nb6 23. Ne4 Bh6 24. Be1 Qc7 25. Bb4 Rfe8 26. Bd6 Qc8 27. b3 Nd7 28. Qf2 Bg6 29. Qh4 Bxe4 30. Bxe4 Nf8 31. Rf3 Ng6 32. Qh5 Qd7 33. g4 fxg3 34. Rxg3 Rf8 35. Rxg6 Qf7 36. Qxh6 hxg6 37. Qxg6 1-0

[Event "Gyor Matrai Nyar op"]
[Site "Gyor"]
[Date "1997.??.??"]
[Round "7"]
[White "Sull, Gyula"]
[Black "Szucs, Imre"]
[Result "0-1"]
[WhiteElo "2190"]
[BlackElo "2015"]
[PlyCount "88"]
[EventDate "1997.??.??"]
[EventType "swiss"]
[EventRounds "9"]
[EventCountry "HUN"]
[SourceTitle "EXT 2001"]
[Source "ChessBase"]
[SourceDate "2000.11.22"]
[SourceVersion "1"]
[SourceVersionDate "2000.11.22"]
[SourceQuality "1"]

1. d4 Nf6 2. c4 g6 3. Nc3 d5 4. cxd5 Nxd5 5. e4 Nxc3 6. bxc3 Bg7 7. Be3 c5 8. Qd2 0-0 9. h4 Nc6 10. d5 Qa5 11. Rc1 Ne5 12. h5 Ng4 13. Bg5 f6 14. Bf4 g5 15. c4 Qxd2+ 16. Bxd2 h6 17. g3 b6 18. f4 e6 19. Be2 exd5 20. f5 Ne5 21. cxd5 Re8 22. g4 Bf8 23. Kf2 c4 24. Bc3 b5 25. Rb1 Bc5+ 26. Kg3 a6 27. Nf3 Nxg4 28. Nxg5 fxg5 29. Bxg4 Rxe4 30. Rhe1 Rxe1 31. Rxe1 Bd7 32. f6 Bd6+ 33. Kf3 Bxg4+ 34. Kxg4 b4 35. Bd4 Kf7 36. Re6 Rd8 37. Kf5 c3 38. Be5 Bxe5 39. Re7+ Kf8 40. Rxe5 c2 41. Re1 Rxd5+ 42. Kg6 Rd1 43. Re7 c1Q 44. Ra7 Qc2+ 0-1